00855nam a22002057a 4500003000900000008004100009040007100050082002400121100002600145245003200171260005300203300004000256440005300296505019700349650002100546650000900567650001100576650001300587700004900600AR-CdUCM190508b ||||| |||| 00| 0 spa d aMUNICIPALIDAD PROVINCIAL DEL CUSCOcBIBLIOTECA MUNICIPAL DEL CUSCO 22ed.a709.01 /bB84 aBrodrick, A. Houghton aLa pintura prehistórica / aMéxico :bFondo de Cultura Económica,c1956. a141 páginas ;bláminas,c18 cm. aBreviarios del Fondo de Cultura Económica.n37 aContenido: Zonas de las pinturas rupestres -- El arte del levante español -- Arte franco cantábrico -- Arte prehistórico africano -- África oriental y meridional, India y Australia ... aPintura rupestre aArte aEuropa aÁfrica aPereña de Malagón, Helena (traducción)